Responses for Show #482 - Tuesday, October 14, 1986

Dave Traini game 3.

Contestants

[<< previous game]

Paul Schindler Jr., a journalist originally from Portland, Oregon

Ian Barondess, a salesperson originally from Great Neck, New York

Dave Traini, a teacher from Medford Lakes, New Jersey (whose 2-day cash winnings total $26,601)

[next game >>]

Jeopardy! Round responses

ROMANIA
MUSICALS
MILK
ICE HOCKEY
THE BIBLE
"GLAD" TIDINGS
    $100 1
Bucharest

Paul
    $100 7
West Side Story

Ian
    $100 2
(Dave: What is pasteurization?)

homogenization

DavePaul
    $100 24
the Devils

Dave
    $100 21
Esau

Triple Stumper
    $100 12
the gladiators

Dave
    $200 4
Transylvania

Paul
    $200 8
(Dave: What is "Funny Lady"?)
---
(Alex: Ray Stark was Fanny's son-in-law, by the way.)

Funny Girl

DaveIan
    $200 3
(Ian: What is Iowa?)
[NOTE: This was the 200,000th clue entered into the J! Archive, 2010-11-28.]

Wisconsin

DaveIan
    $200 25
(Alex: Yes, that's where the Spectrum was, on Broad Street.)

Philadelphia

Dave
    $200 22
Solomon

Ian
    $200 13
"I'm so glad we had this time together"

Ian
    $300 17
Minnesota

Paul
    $300 9
Camelot

Dave
    $300 5
(Ian: What is 8?)

4

Ian
Triple Stumper
    $300 26
Wayne Gretzky

Ian
    $300 23
(Ian: What is David and... David slewing (sic) Goliath?)
--
(Alex: You'll find this sculpture in front of the U.N. building in New York. [*].)

"They shall beat their swords into plowshares."

Ian
    $300 14
your glad rags

Ian
    $400 19
the Danube

Dave
    $400 10
his violin

Ian
    $400 6
vitamin A

Ian
    $400 27
the facemask

Dave
    $400 28
Goshen

Triple Stumper
    $400 15
Gladstone

Dave
    $500 20
(Alex: The currency of the country, the money. You got it.)

the coins or the currency of the country

Dave
    $500 11
Damn Yankees!

Ian
    $500 18
lactose

Paul
    $500 30
(Ian: What are missed goals?)

penalty minutes

DaveIan
    $500 29
(Ian: What are sisters?)
(Paul: What are mother and daughter?)

mother-in-law

IanPaul
Triple Stumper
    $500 16
(Ian: Who is Gladys?)
Alex: Be more specific.)
(Ian: [Grimaces, thumps lectern.)

(Dave: Who is Gladys Stivic?)

Gladys Kravitz

DaveIan
Triple Stumper

Scores at the first commercial break (after clue 14):

Dave Ian Paul
$300 $1,600 $400

Scores at the end of the Jeopardy! Round:

Dave Ian Paul
$2,300 $300 $700

Double Jeopardy! Round responses

AMERICAN REVOLUTION
HOMOPHONES
(Alex: Homophones, of course, words that are pronounced the same but have different meanings.)
ACTORS & ROLES
NOTORIOUS
ECOLOGY
FAMOUS LASTS
    $200 11
Valley Forge

Ian
    $200 6
made/maid

Paul
    $200 1
(Alex: He owns a macadamia nut ranch in Hawaii.)

Jim Nabors

Dave
    $200 12
being hanged

Dave
    $200 21
Elvis Presley

Paul
    $400 13
Thomas Paine

Dave
    $400 7
flee/flea

Triple Stumper
    $400 2
(Paul: Who is Ingrid Bergman?)

Greta Garbo

Paul
Triple Stumper
    $400 17
Clifford Irving

Dave
    $400 22
(Alex: We have less than a minute to go in the round.)

Nostradamus

Paul
    $600 14
Battle of Saratoga

Dave
    $600 8
peat/Pete

Paul
    $2,000 3
The Lion in Winter & Beckett

Dave
    $600 18
arsenic

Paul
    $800 15
Prime Minister of England

Paul
    $800 9
(Dave: What is a track?)

tracked/tract

Dave
Triple Stumper
    $800 4
Christopher Plummer

Ian
    $800 19
Lee Harvey Oswald

Dave
    $800 26
[The end-of-round signal sounds.]

the Greens

Dave
    $800 25
children

Dave
    $1,800 16
Brutus & Cromwell

Paul
    $1000 10
the tray/trey

Triple Stumper
    $1000 5
(Alex: The lady's name was [*]. One of the films was "Miss Sadie Thompson", the other was "Rain".)

Sadie Thompson

Triple Stumper
    $1000 20
(Richard) Speck

Dave
    $1000 24
Barry Commoner

Paul
    $1000 23
cigarette commercials

Ian

Scores at the end of the Double Jeopardy! Round:

Dave Ian Paul
$8,700 $2,300 $5,900

[wagering suggestions for these scores]

Final Jeopardy! Round responses

BUSINESS & INDUSTRY
IanWho is Ford?
$2,000
PaulWhat is Dow Chemical?
$5,900
DaveWhat is Ford
$3,300
General Motors

Final scores:

Dave Ian Paul
$5,400 $300 $0
3-day champion: $32,001 2nd place: trip to Honolulu 3rd place: Maytag washer and drier

Game dynamics:

Coryat scores:

Dave Ian Paul
$7,300 $2,600 $5,100
20 R
(including 1 DD),
4 W
12 R,
6 W
(including 1 DD)
13 R
(including 1 DD),
2 W

Combined Coryat: $15,000

[game clues] [game scores] [suggest correction]

Game tape date: 1986-08-20
The J! Archive is created by fans, for fans. Scraping, republication, monetization, and malicious use prohibited; this site may use cookies and collect identifying information. See terms. The Jeopardy! game show and all elements thereof, including but not limited to copyright and trademark thereto, are the property of Jeopardy Productions, Inc. and are protected under law. This website is not affiliated with, sponsored by, or operated by Jeopardy Productions, Inc. Join the discussion at JBoard.tv.